Statistics for Small countries based on their shape - part 2

Click here to take the quiz!

General Stats

  • This quiz has been taken 6 times
  • The average score is 13 of 15

Answer Stats

Answer% Correct
Antigua and Barbuda
100%
F. S. Micronesia
100%
Kiribati
100%
Maldives
100%
Bahamas
83%
Cape verde
83%
Comoros
83%
Palau
83%
Saint Lucia
83%
Samoa
83%
Seychelles
83%
Grenada
67%
Marshall islands
67%
Mauritius
67%
Tuvalu
67%

Score Distribution

Percentile by Number Answered

Percent of People with Each Score

Your Score History

You have not taken this quiz